000
00305nam a2200133Ia 4500
005
20251222140050.0
008
251222s1900||||xx |||||||||||||| ||spa||
020
_a
9788495269683
082
_a
262.15/F12
245
0
_a
Iglesia, Laicado y Laicidad
250
_a
1ra. ed.
264
_b
Sintel
942
_c
LIB
999
_c
3567
_d
3567